Strategic management of Indian Railways: human resource dimensions (Record no. 489465)

000 -LEADER
fixed length control field 00586cam a22001697a 4500
008 - FIXED-LENGTH DATA ELEMENTS--GENERAL INFORMATION
fixed length control field 180718b2000 xxu||||| |||| 00| 0 eng d
082 ## - DEWEY DECIMAL CLASSIFICATION NUMBER
Classification number APPPA 99-2000 MAT/19
100 ## - MAIN ENTRY--PERSONAL NAME
Personal name Mathur, Anand
245 ## - TITLE STATEMENT
Title Strategic management of Indian Railways: human resource dimensions
Statement of responsibility, etc. by Anand Mathur
260 ## - PUBLICATION, DISTRIBUTION, ETC.
Place of publication, distribution, etc. New Delhi
Name of publisher, distributor, etc. Indian Institute of Public Administration
Date of publication, distribution, etc. 2000
300 ## - PHYSICAL DESCRIPTION
Extent 118p.
500 ## - GENERAL NOTE
General note An APPPA M.Phil. dissertation, 99-2000 (Guide: Bharati Sharma)
650 ## - SUBJECT ADDED ENTRY--TOPICAL TERM
Topical term or geographic name entry element APPPA
650 ## - SUBJECT ADDED ENTRY--TOPICAL TERM
Topical term or geographic name entry element Strategic planning
650 ## - SUBJECT ADDED ENTRY--TOPICAL TERM
Topical term or geographic name entry element Railroads - Employees
650 ## - SUBJECT ADDED ENTRY--TOPICAL TERM
Topical term or geographic name entry element Railroads - Management
Holdings
Withdrawn status Lost status Damaged status Not for loan Permanent Location Current Location Date acquired Full call number Barcode Date last seen Price effective from Koha item type
        Indian Institute of Public Administration Indian Institute of Public Administration 2018-08-04 APPPA 99-2000 MAT/19 GR15152 2024-04-23 2018-08-04 GR

Powered by Koha